| 000 | 00680nam a22002650a 4500 | ||
|---|---|---|---|
| 001 | PT31827 | ||
| 003 | AR-LpoUNG | ||
| 005 | 20210131225855.0 | ||
| 008 | 191001s1960||||ag |||||||||||||||||spa d | ||
| 040 |
_aAR-LpoUNG _bspa _cAR-LpoUNG _eaacr |
||
| 041 | _aspa | ||
| 044 | _aag | ||
| 082 | 0 | _a982.03 316cor | |
| 100 | 1 | _aCarri Pérez, Julio | |
| 245 | 1 | 0 | _aCórdoba y la revolución de mayo |
| 260 |
_aCórdoba : _bUniversidad Nacional de Córdoba, _c1960. |
||
| 300 |
_a61 p. : _btbls. |
||
| 650 | 4 | _aANALISIS HISTORICO | |
| 650 | 4 | _aARGENTINA | |
| 650 | 4 | _aASPECTOS POLITICOS | |
| 650 | 4 | _aHISTORIA POLITICA | |
| 650 | 4 | _aREVOLUCION | |
| 905 | _a31827 | ||
| 942 | _cLIB | ||
| 999 |
_c296 _d296 |
||